Lista de plantas utilizadas por los indígenas Chami de Risaralda (Registro nro. 13127)

Detalles MARC
000 -CABECERA
Campo de control 005990000a22001930004500
090 ## - CLASIFICACIÓN LOCAL
Colección AR
Consecutivo 02314
041 0# - IDIOMA
Código de idioma para texto/pista de sonido o título separado
100 1# - ASIENTO PRINCIPAL--NOMBRE PERSONAL
Nombre personal Cayón Armella, Edgardo
245 10 - MENCION DE TITULO
Título Lista de plantas utilizadas por los indígenas Chami de Risaralda
650 14 - ASIENTO SECUNDARIO DE MATERIA - TERMINO TEMATICO
Término temático o nombre geográfico como elemento de entrada Plantas útiles
650 14 - ASIENTO SECUNDARIO DE MATERIA - TERMINO TEMATICO
Término temático o nombre geográfico como elemento de entrada Etnobotánica
650 14 - ASIENTO SECUNDARIO DE MATERIA - TERMINO TEMATICO
Término temático o nombre geográfico como elemento de entrada Conocimiento tradicional
650 14 - ASIENTO SECUNDARIO DE MATERIA - TERMINO TEMATICO
Término temático o nombre geográfico como elemento de entrada Indígenas
650 14 - ASIENTO SECUNDARIO DE MATERIA - TERMINO TEMATICO
Término temático o nombre geográfico como elemento de entrada Chamí
651 #4 - ASIENTO SECUNDARIO DE MATERIA - NOMBRE GEOGRAFICO
-- Risaralda
-- Colombia
700 1# - ASIENTO SECUNDARIO - NOMBRE PERSONAL
Nombre personal Aristizabal Giraldo, Silvio
773 1# - Item fuente:
Título Cespedesia
Detalles específicos del material Enero-Junio
Paginas del Articulo 20-113
Lugar, editorial y fecha de publicación 1980
Información sobre la relación 9
942 ## - ELEMENTOS ADICIONALES (KOHA)
Tipo de ítem Artículo
Existencias
Withdrawn status Lost status Damaged status No para préstamo Colección Ubicación Permanente Ubicación actual Fecha de adquisición Total Checkouts Número topográfico Inventario / Código de Barras Date last seen Ejemplar Price effective from Forma de adquisición Tipo de material
        Hemeroteca Villa de Leyva Villa de Leyva 27/02/2015   AR 02314 012727 25/03/2015 1 25/03/2015   Artículo